00804 a2200145 4500003000500000005001700005040000900022082001200031100001500043245003400058260004500092300001400137505049200151650001500643Nust20221221113629.0 cNust a158,PEA aT.H. Pear  aThe Maturing Mind cT.H. Pear aNew yourkbThomas Nelson and sonsc1938 aix,151p.; aThe Wisdom of Being Education (Page-11), Why Learn after Twenty Five (Page- 15), What do Adult Learning wants (Page-20), Am I too Old to Learn (Page-33), Willingness and unwillingness to Learn (Page-46), Acquiring Background (Page-64), The Conversation and its Delights (Page-69), Differing with others (Page-79), Why not Learn to Discuss (Page-87), Education Propaganda and the Adult Mind (Page-116), Broadcasting and Adult Education (Page-125), The Matures Personality (Page-140).  apsychology